|
|
|
|
| LEADER |
00000nam2a2200000 4500 |
| 001 |
165405 |
| 005 |
20231101222542.0 |
| 035 |
|
|
|a (RuTPU)RU\TPU\book\179430
|
| 035 |
|
|
|a RU\TPU\book\60265
|
| 090 |
|
|
|a 165405
|
| 100 |
|
|
|a 20090917d2002 k y0rusy50 ca
|
| 101 |
0 |
|
|a rus
|
| 102 |
|
|
|a RU
|
| 105 |
|
|
|a y z 001zy
|
| 200 |
0 |
|
|a Т. 305, вып. 4 : Язык и межкультурная коммуникация: теоретические и прикладные аспекты
|e тематический выпуск
|
| 210 |
|
|
|d 2002
|
| 215 |
|
|
|a 153 с.
|
| 320 |
|
|
|a Библиогр. в конце статей
|
| 461 |
|
1 |
|0 (RuTPU)RU\TPU\book\176237
|t Известия Томского политехнического университета [Известия ТПУ]
|f Томский политехнический университет (ТПУ)
|v Т. 305, вып. 4 : Язык и межкультурная коммуникация: теоретические и прикладные аспекты
|d 2000-
|
| 606 |
|
|
|a Иностранные языки
|x Изучение
|2 stltpush
|3 (RuTPU)RU\TPU\subj\12663
|9 39410
|
| 606 |
|
|
|a Межкультурная коммуникация
|x Общие вопросы
|2 stltpush
|3 (RuTPU)RU\TPU\subj\67936
|9 83528
|
| 610 |
1 |
|
|a языкознание
|
| 610 |
1 |
|
|a обучение
|
| 610 |
1 |
|
|a преподавание
|
| 610 |
1 |
|
|a межкультурные связи
|
| 610 |
1 |
|
|a труды учёных ТПУ
|
| 686 |
|
|
|a Ш12-9
|v LBC/SL-A
|2 rubbk
|
| 686 |
|
|
|a Ч114
|v LBC/SL-A
|2 rubbk
|
| 801 |
|
1 |
|a RU
|b 63413507
|c 20031023
|g PSBO
|
| 801 |
|
2 |
|a RU
|b 63413507
|c 20180326
|g PSBO
|
| 942 |
|
|
|c BK
|